MARC

LEADER 00000nam0a2200000 4500
001 370036
005 20231102012236.0
035 |a (RuTPU)RU\TPU\retro\27444 
090 |a 370036 
100 |a 20220616d1980 km y0rusy50 ca 
101 0 |a rus 
102 |a RU 
105 |a a z 001zy 
200 1 |a Писал Семен Спиридонов  |f С. И. Масленицын 
210 |a Москва  |c Изобразительное искусство  |d 1980 
215 |a 136 с .  |c ил. 
320 |a Библиогр.: с. 135 
600 1 |a Спиридонов  |b С.  |c русский иконописец  |f 1642-1693/95  |g Семен  |2 stltpush  |3 (RuTPU)RU\TPU\pers\47257 
606 1 |a Иконопись древнерусская  |2 stltpush  |3 (RuTPU)RU\TPU\subj\12377  |9 39172 
610 1 |a изобразительное искусство 
610 1 |a русское искусство 
610 1 |a 17 век 
610 1 |a иконы 
610 1 |a Ярославль 
610 1 |a художники 
675 |a 75.046(084)  |v 4 
700 1 |a Масленицын  |b С. И.  |g Станислпав Иванович 
801 1 |a RU  |b 63413507  |c 20220616 
801 2 |a RU  |b 63413507  |c 20220616  |g RCR 
942 |c BK